000 00276nam a22001337a 4500
008 180315b xxu||||| |||| 00| 0 eng d
020 _a9780130547927
041 _aeng
080 _a82
100 _a21
101 _aEDU
245 _aLiterature
_cHall,P
942 _2udc
_cBK
999 _c45161
_d45161